King of Devil's Island (Record no. 277585)
[ view plain ]
| 000 -LEADER | |
|---|---|
| fixed length control field | 03051ngm a2200613 a 4500 |
| 001 - CONTROL NUMBER | |
| control field | rdw90000060 |
| 003 - CONTROL NUMBER IDENTIFIER | |
| control field | CtWfDGI |
| 005 - DATE AND TIME OF LATEST TRANSACTION | |
| control field | 20200320185936.0 |
| 007 - PHYSICAL DESCRIPTION FIXED FIELD--GENERAL INFORMATION | |
| fixed length control field | vd cvaizq |
| 008 - FIXED-LENGTH DATA ELEMENTS--GENERAL INFORMATION | |
| fixed length control field | 120201s2011 nju131 g vlnor d |
| 020 ## - INTERNATIONAL STANDARD BOOK NUMBER | |
| International Standard Book Number | 9781461845928 |
| 028 41 - PUBLISHER NUMBER | |
| Publisher number | DV0060 |
| Source | RB Media |
| 040 ## - CATALOGING SOURCE | |
| Original cataloging agency | CtWfDGI |
| Language of cataloging | eng |
| Transcribing agency | CtWfDGI |
| 041 0# - LANGUAGE CODE | |
| Language code of text/sound track or separate title | nor |
| -- | eng |
| 050 14 - LIBRARY OF CONGRESS CALL NUMBER | |
| Classification number | PN1995.9.F67 |
| Item number | K56 2011b |
| 082 04 - DEWEY DECIMAL CLASSIFICATION NUMBER | |
| Classification number | 791.43 |
| Edition number | 22 |
| 245 00 - TITLE STATEMENT | |
| Title | King of Devil's Island |
| Medium | [videorecording] / |
| Statement of responsibility, etc | Film Movement, Euforia Film AS, & 4 1/2 Fiksjon AS in co-production with Opus Film, St. Paul Film, & Mact Productions present ; a film by Marius Holst ; producer, Karin Julsrud. |
| 260 ## - PUBLICATION, DISTRIBUTION, ETC. (IMPRINT) | |
| Place of publication, distribution, etc | [Fair Lawn, N.J.] : |
| Name of publisher, distributor, etc | Film Movement ; |
| Place of publication, distribution, etc | Prince Frederick, Md. : |
| Name of publisher, distributor, etc | Distributed by RB Media, |
| Date of publication, distribution, etc | [2011] |
| 300 ## - PHYSICAL DESCRIPTION | |
| Extent | 1 videodisc (116, 15 min.) : |
| Other physical details | sd., col. ; |
| Dimensions | 4 3/4 in. |
| 490 1# - SERIES STATEMENT | |
| Series statement | Film Movement series ; |
| Volume number/sequential designation | year 9, film 12 |
| 500 ## - GENERAL NOTE | |
| General note | Title from container. |
| 500 ## - GENERAL NOTE | |
| General note | Based on a story by Lars Saabye Christensen & Mette Marit Bølstad. |
| 500 ## - GENERAL NOTE | |
| General note | Enhanced for widescreen TV (16x9). |
| 500 ## - GENERAL NOTE | |
| General note | Special features include: This month's short film: Bale / dir. Al Mackay. |
| 500 ## - GENERAL NOTE | |
| General note | Originally released as motion picture in 2010. |
| 511 1# - PARTICIPANT OR PERFORMER NOTE | |
| Participant or performer note | Stellan Skarsgård, Benjamin Helstad, Kristoffer Joner. |
| 520 ## - SUMMARY, ETC. | |
| Summary, etc | Seventeen-year-old Erling is a rumored murderer and therefore sent to the Bastoy Boys Home correctional facility. Once there he clashes with the island facility's governor who believes manual labor, rigid discipline, and harsh punishment is the only way to turn these boys around. Refusing to accept the constant abuse, Erling leads the boys in a violent uprising that will bring them head to head with no less than the Norwegian Army. |
| 521 8# - TARGET AUDIENCE NOTE | |
| Target audience note | Not rated by the MPAA. |
| 538 ## - SYSTEM DETAILS NOTE | |
| System details note | DVD; Dolby surround; region 1. |
| 546 ## - LANGUAGE NOTE | |
| Language note | In Norwegian with English subtitles; closed-captioned. |
| 610 20 - SUBJECT ADDED ENTRY--CORPORATE NAME | |
| Corporate name or jurisdiction name as entry element | Bastøy (Institution) |
| Form subdivision | Drama. |
| 9 (RLIN) | 5870714 |
| 650 #0 - SUBJECT ADDED ENTRY--TOPICAL TERM | |
| Topical term or geographic name as entry element | Juvenile delinquents |
| General subdivision | Abuse of |
| Form subdivision | Drama. |
| 9 (RLIN) | 5870715 |
| 650 #0 - SUBJECT ADDED ENTRY--TOPICAL TERM | |
| Topical term or geographic name as entry element | Children |
| General subdivision | Institutional care |
| Geographic subdivision | Norway |
| Form subdivision | Drama. |
| 9 (RLIN) | 5870716 |
| 650 #0 - SUBJECT ADDED ENTRY--TOPICAL TERM | |
| Topical term or geographic name as entry element | Prison riots |
| Geographic subdivision | Norway |
| Form subdivision | Drama. |
| 9 (RLIN) | 5870717 |
| 655 #0 - INDEX TERM--GENRE/FORM | |
| Genre/form data or focus term | Video recordings for the hearing impaired. |
| 9 (RLIN) | 5870718 |
| 655 #7 - INDEX TERM--GENRE/FORM | |
| Genre/form data or focus term | Feature films. |
| Source of term | gsafd |
| 9 (RLIN) | 5870719 |
| 700 1# - ADDED ENTRY--PERSONAL NAME | |
| Personal name | Holst, Marius, |
| Dates associated with a name | 1965- |
| Relator code | drt |
| 9 (RLIN) | 5870720 |
| 700 1# - ADDED ENTRY--PERSONAL NAME | |
| Personal name | Julsrud, Karin, |
| Dates associated with a name | 1953- |
| Relator code | pro |
| 9 (RLIN) | 5870721 |
| 700 1# - ADDED ENTRY--PERSONAL NAME | |
| Personal name | Skarsgård, Stellan. |
| Relator code | act |
| 9 (RLIN) | 63875 |
| 700 1# - ADDED ENTRY--PERSONAL NAME | |
| Personal name | Helstad, Benjamin. |
| Relator code | act |
| 9 (RLIN) | 5870722 |
| 700 1# - ADDED ENTRY--PERSONAL NAME | |
| Personal name | Bølstad, Mette M., |
| Dates associated with a name | 1964- |
| Relator code | act |
| 9 (RLIN) | 5870723 |
| 710 2# - ADDED ENTRY--CORPORATE NAME | |
| Corporate name or jurisdiction name as entry element | Film Movement. |
| 9 (RLIN) | 5859439 |
| 710 2# - ADDED ENTRY--CORPORATE NAME | |
| Corporate name or jurisdiction name as entry element | Euforia Film AS. |
| 9 (RLIN) | 5870724 |
| 710 2# - ADDED ENTRY--CORPORATE NAME | |
| Corporate name or jurisdiction name as entry element | 4 1/2 Fiksjon AS. |
| 9 (RLIN) | 5870725 |
| 710 2# - ADDED ENTRY--CORPORATE NAME | |
| Corporate name or jurisdiction name as entry element | Opus Films. |
| 9 (RLIN) | 5870726 |
| 710 2# - ADDED ENTRY--CORPORATE NAME | |
| Corporate name or jurisdiction name as entry element | St. Paul Film (Firm) |
| 9 (RLIN) | 5870727 |
| 710 2# - ADDED ENTRY--CORPORATE NAME | |
| Corporate name or jurisdiction name as entry element | Mact Productions. |
| 9 (RLIN) | 5870728 |
| 740 02 - ADDED ENTRY--UNCONTROLLED RELATED/ANALYTICAL TITLE | |
| Uncontrolled related/analytical title | Bale. |
| 830 #0 - SERIES ADDED ENTRY--UNIFORM TITLE | |
| Uniform title | Film Movement series ; |
| Volume number/sequential designation | year 9, film 12. |
| 9 (RLIN) | 70219 |
| 942 ## - ADDED ENTRY ELEMENTS (KOHA) | |
| Koha item type | DVD |
| 945 ## - LOCAL PROCESSING INFORMATION (OCLC) | |
| c | (OCoLC)0777157825 |
| 948 ## - LOCAL PROCESSING INFORMATION (OCLC); SERIES PART DESIGNATOR (RLIN) | |
| Series part designator, SPT (RLIN) | 04/18/2012 |
| z (OCLC) | Sirsi |
| 996 ## - | |
| -- | 90126 |
| -- | 34301001070236 |
| -- | DVD |
| -- | DVD |
| -- | wcl |
| -- | i |
| -- | 24 |
| -- | 41.25 |
| -- | recorded books |
| -- | Kin |
| -- | 04/18/2012 |
| -- | 10/23/2019 |
| -- | 10/17/2019 |
| Withdrawn status | Lost status | Source of classification or shelving scheme | Damaged status | Not for loan | Collection code | Home library | Current library | Shelving location | Date acquired | Source of acquisition | Cost, normal purchase price | Total Checkouts | Total Renewals | Full call number | Barcode | Date last seen | Date checked out | Cost, replacement price | Price effective from | Koha item type |
|---|---|---|---|---|---|---|---|---|---|---|---|---|---|---|---|---|---|---|---|---|
| Dewey Decimal Classification | Movies | Wasatch County Library | Wasatch County Library | Audio Visual Area | 04/18/2012 | 41.25 | 26 | 2 | DVD Kin | 34301001070236 | 03/07/2024 | 02/18/2023 | 41.25 | 03/20/2020 | DVD |
